Responsibility of construction managers (Record no. 75316)
[ view plain ]
| 000 -LEADER | |
|---|---|
| fixed length control field | 00940cab a2200193 4500 |
| 001 - CONTROL NUMBER | |
| control field | L129878 |
| 008 - FIXED-LENGTH DATA ELEMENTS--GENERAL INFORMATION | |
| fixed length control field | 050601n2005 000 0 eng u |
| 035 ## - SYSTEM CONTROL NUMBER | |
| System control number | (Sirsi) u129878 |
| 041 ## - LANGUAGE CODE | |
| Language code of text/sound track or separate title | eng |
| 100 ## - MAIN ENTRY--PERSONAL NAME | |
| Personal name | Tolson, Simon |
| 245 ## - TITLE STATEMENT | |
| Title | Responsibility of construction managers |
| 260 ## - PUBLICATION, DISTRIBUTION, ETC. | |
| Date of publication, distribution, etc. | 2005 |
| 490 ## - SERIES STATEMENT | |
| Series statement | Building Engineer |
| Volume/sequential designation | 80(5) May 2005, 32-33(2) |
| 520 ## - SUMMARY, ETC. | |
| Summary, etc. | Discusses the recent case "Great Eastern Hotel Company Ltd v John Laing Construction Ltd" ([2005] EWHC 181 (TCC), L129378) which was probably the first time that a construction manager has been found to be publicly in breach of his obligations and liable to his client. This has clear implications for construction managers, but does not mark the beginning of the end for construction management. |
| 590 ## - LOCAL NOTE (RLIN) | |
| Local note | IKA070605 |
| 650 ## - SUBJECT ADDED ENTRY--TOPICAL TERM | |
| Topical term or geographic name entry element | GREAT EASTERN HOTEL COMPANY LTD V JOHN LAING CONSTRUCTION LTD AND ANOTHER |
| 690 ## - LOCAL SUBJECT ADDED ENTRY--TOPICAL TERM (OCLC, RLIN) | |
| Topical term or geographic name as entry element | Construction management |
| 9 (RLIN) | 6230 |
| 942 ## - ADDED ENTRY ELEMENTS (KOHA) | |
| Suppress in OPAC | 0 |
| Withdrawn status | Lost status | Source of classification or shelving scheme | Damaged status | Not for loan | Home library | Current library | Shelving location | Date acquired | Total Checkouts | Full call number | Barcode | Date last seen | Copy number | Price effective from | Koha item type |
|---|---|---|---|---|---|---|---|---|---|---|---|---|---|---|---|
| Dewey Decimal Classification | London | London | Journal article | 01/06/2005 | L129878 | 129878-1001 | 06/08/2019 | 1 | 06/08/2019 | Journal article |